000 01117naa a2200301 c 4500
001 48890
999 _c48890
_d48890
003 ES-MaCES
005 20170215110028.0
008 170215s2016 sp ||||| t||||||| ||spa d
040 _aES-MaCES
_bspa
_cES-MaCES
_dES-MaCES
100 1 _925154
_aTreu, Tiziano
245 1 0 _aAutorregulación y ley en la disciplina de las relaciones sindicales
_cTiziano Treu
500 _aResumen
504 _aBibliografía: p. 21-22
650 4 _928362
_anegociación colectiva
650 4 _928361
_aconvenio colectivo
650 4 _928178
_aempresa
650 4 _928379
_arepresentación de los trabajadores
650 4 _929937
_aparticipación de los empleadores
650 4 _929453
_asindicalismo
650 4 _928377
_asindicato
650 4 _927165
_aderecho del trabajo
650 4 _927166
_alegislación del trabajo
653 1 0 _aRelaciones laborales-Empleo
773 0 _985514
_dLas Rozas, Madrid Wolters Kluwer España 2015-
_o088412
_tTrabajo y derecho
_w(ES-MaCES)45892
_gn. 23 (nov. 2016) {55/1129 R. 088412} ;p. 12-22
902 _aART Artículo de revista
942 _2CES
_cAR
_h2.0.